00318nam a2200121Ia 4500008004100000041000800041082001400049100001500063245003500078260004100113300003100154365001100185240624s9999 xx 000 0 und d aeng a338.4 BAG aBAGCHI S K aPROJECT INFRASTRUCTURE FINANCE c2010aNew DelhibAne Books Pvt. Ltd. axiv, : 160 : p. : cm. ; 23 cRSb32